Housing market analysis (Record no. 112699)

MARC details
000 -LEADER
fixed length control field 01245cad a22002175a 4500
001 - CONTROL NUMBER
control field L153791
008 - FIXED-LENGTH DATA ELEMENTS--GENERAL INFORMATION
fixed length control field 110831s2011 xxk f 000 0 eng d
035 ## - SYSTEM CONTROL NUMBER
System control number (Sirsi) u153791
041 0# - LANGUAGE CODE
Language code of text/sound track or separate title eng
050 04 - LIBRARY OF CONGRESS CALL NUMBER
Classification number 306.1 $2 18
110 2# - MAIN ENTRY--CORPORATE NAME
Corporate name or jurisdiction name as entry element Oxford Economics
245 00 - TITLE STATEMENT
Title Housing market analysis
Remainder of title July 2011
Medium [electronic resource]
260 ## - PUBLICATION, DISTRIBUTION, ETC.
Place of publication, distribution, etc. London
Name of publisher, distributor, etc. Oxford Economics
Date of publication, distribution, etc. 2011
505 2# - FORMATTED CONTENTS NOTE
Formatted contents note Recent development -- Mortgage lending -- Housebuilding only a partial recovery -- Demographics and household formation -- Outlook for house prices
520 ## - SUMMARY, ETC.
Summary, etc. Overview of recent developments in the housing market as at July 2011. Highlights the impact of mortgage lending difficulties on the housing market focusing on factors including loan to values ratios, income multiples and deposit values. Considers demographic and household changes and the outlook for the housing market over second half of 2011. Research carried out behalf of the National Housing Federation.
590 ## - LOCAL NOTE (RLIN)
Local note KA NTK
651 #4 - SUBJECT ADDED ENTRY--GEOGRAPHIC NAME
Geographic name United Kingdom
Chronological subdivision
690 ## - LOCAL SUBJECT ADDED ENTRY--TOPICAL TERM (OCLC, RLIN)
Topical term or geographic name as entry element PROPERTY-RESIDENTIAL PROPERTY
856 40 - ELECTRONIC LOCATION AND ACCESS
Uniform Resource Identifier <a href="https://www.housing.org.uk/publications/find_a_publication/general/housing_market_analysis_by_oxf.aspx">https://www.housing.org.uk/publications/find_a_publication/general/housing_market_analysis_by_oxf.aspx</a>
Public note View the item free of charge at www.housing.org
942 ## - ADDED ENTRY ELEMENTS (KOHA)
Suppress in OPAC 0
Holdings
Withdrawn status Lost status Source of classification or shelving scheme Damaged status Not for loan Home library Current library Shelving location Date acquired Total Checkouts Full call number Barcode Date last seen Copy number Price effective from Koha item type
    Dewey Decimal Classification     Virtual Virtual Online 31/08/2011   ONLINE PUBLICATION 153791-2001 06/08/2019 1 06/08/2019 Book